000 00274nam a2200133Ia 4500
100 _aMiller E.P.
942 _cBK
245 _aPowder coating
260 _bSociety Of Manufacturing Engineers
082 _a667.9
_bMIL
300 _a287
546 _aENGLISH
999 _c32593
_d32593